[Event "SR 3. liga A2 2004/2005"]
[Site "?"]
[Date "2004.??.??"]
[Round "?"]
[White "Blatnicky, Miroslav"]
[Black "Sturdik, Igor"]
[Result "0-1"]
[WhiteElo "2010"]
[BlackElo "1925"]
[Annotator "Vrbove - Modranka"]
[PlyCount "149"]
[EventDate "2004.??.??"]

1. e4 Nf6 2. e5 Nd5 3. c4 Nb6 4. d4 d6 5. f4 dxe5 6. fxe5 Nc6 7. Be3 Bf5 8. Nc3
e6 9. Nf3 Be7 10. Be2 O-O 11. O-O f6 12. exf6 Bxf6 13. Rc1 Qe7 14. d5 Rad8 15.
Bxb6 axb6 16. Qe1 exd5 17. cxd5 Nb4 18. a3 Bxc3 19. Rxc3 Nxd5 20. Nd4 Bg6 21.
Bc4 Rxf1+ 22. Qxf1 Bf7 23. Rf3 Nf6 24. Bxf7+ Qxf7 25. Nf5 Qd7 26. Nh6+ gxh6 27.
Rxf6 Qd4+ 28. Rf2 Rf8 29. g3 c5 30. Kg2 Qxf2+ 31. Qxf2 Rxf2+ 32. Kxf2 Kf7 33.
Kf3 Kf6 34. Kf4 b5 35. h3 h5 36. g4 hxg4 37. Kxg4 Ke5 38. Kh5 Kd4 39. Kh6 Kd3
40. h4 Kc2 41. h5 Kxb2 42. Kxh7 c4 43. h6 c3 44. Kg6 c2 45. h7 c1=Q 46. h8=Q+
Kxa3 47. Qa8+ Kb3 48. Qxb7 b4 49. Kf5 Qc3 50. Ke4 Kb2 51. Qb6 b3 52. Qb8 Kb1
53. Qb6 b2 54. Qb5 Qd2 55. Qf1+ Qc1 56. Qh3 Qc4+ 57. Ke5 Qc5+ 58. Ke4 Ka1 59.
Qh8 Qc6+ 60. Kd3 Qf3+ 61. Kc2 Qe2+ 62. Kb3 Qd1+ 63. Kb4 Qd6+ 64. Kb3 Qb6+ 65.
Ka3 Qa5+ 66. Kb3 Qa2+ 67. Kb4 Qd5 68. Qf6 Qe4+ 69. Kb3 Qd3+ 70. Kb4 Kb1 71. Qh8
Kc2 72. Ka4 Qb3+ 73. Ka5 Qa3+ 74. Kb6 b1=Q+ 75. Kc6 0-1

[Event "SR 3. liga A2 2004/2005"]
[Site "?"]
[Date "2004.??.??"]
[Round "?"]
[White "Mackovic, Miroslav"]
[Black "Krchnak, Rudolf"]
[Result "1-0"]
[WhiteElo "1930"]
[BlackElo "1790"]
[Annotator "Vrbove - Modranka"]
[PlyCount "123"]
[EventDate "2004.??.??"]

1. c4 f5 2. d4 g6 3. Nc3 Bg7 4. e4 d6 5. g3 fxe4 6. Nxe4 Nf6 7. Nxf6+ exf6 8.
Qe2+ Qe7 9. Qxe7+ Kxe7 10. Be3 Re8 11. O-O-O Kf7 12. Bg2 Nd7 13. Ne2 f5 14. Nc3
c6 15. Bf4 Bf8 16. d5 Ne5 17. dxc6 bxc6 18. Bxe5 Rxe5 19. Bxc6 Rb8 20. f4 Rc5
21. Bd5+ Be6 22. Bxe6+ Kxe6 23. b3 a5 24. Rd5 Bg7 25. Re1+ Kd7 26. Rd3 Bxc3 27.
Rxc3 Re8 28. Rxe8 Kxe8 29. Rd3 Kd7 30. Kc2 a4 31. Kc3 axb3 32. axb3 Ra5 33. Rd2
Kc6 34. Kb4 Ra7 35. h4 h5 36. Re2 Rb7+ 37. Kc3 Kd7 38. Re3 Ra7 39. Kd4 Ra1 40.
Kc3 Rg1 41. Kd4 Rb1 42. Rd3 Kc6 43. Re3 Kd7 44. Kc3 Rg1 45. b4 Rb1 46. b5 Rc1+
47. Kb4 Rb1+ 48. Rb3 Rc1 49. Rc3 Rb1+ 50. Ka5 Ra1+ 51. Kb6 Ra4 52. c5 dxc5 53.
Kxc5 Ra1 54. Kb6 Rg1 55. Kb7 Rg2 56. Rd3+ Ke7 57. b6 Rg1 58. Kb8 Rg2 59. b7 Ra2
60. Rc3 Kd7 61. Rc7+ Kd8 62. Rc6 1-0

[Event "SR 3. liga A2 2004/2005"]
[Site "?"]
[Date "2004.??.??"]
[Round "?"]
[White "Feranec, Milan"]
[Black "Gajarsky, Julius"]
[Result "1-0"]
[WhiteElo "1965"]
[BlackElo "1840"]
[Annotator "Vrbove - Modranka"]
[PlyCount "99"]
[EventDate "2004.??.??"]

1. Nf3 Nf6 2. c4 c5 3. b3 d5 4. e3 Bg4 5. Bb2 e6 6. Be2 Be7 7. Na3 Nc6 8. O-O
O-O 9. Nc2 Qc7 10. d3 Rad8 11. Nd2 Bxe2 12. Qxe2 dxc4 13. bxc4 Rd7 14. f4 Rfd8
15. Ne1 Nb4 16. d4 cxd4 17. exd4 a5 18. Rf3 Nc6 19. Nc2 Bc5 20. Nb3 Ba7 21. a4
Nh5 22. Raf1 Nf6 23. Kh1 Ne7 24. Na3 b6 25. Nb5 Qb7 26. Nd2 Bb8 27. Rh3 Ng6 28.
Rhf3 Nxf4 29. Rxf4 Bxf4 30. Rxf4 e5 31. Qxe5 Re7 32. Qf5 Re2 33. Rf2 Re1+ 34.
Nf1 Ne4 35. Rc2 Re8 36. d5 Qe7 37. Kg1 Qc5+ 38. Bd4 Qe7 39. Qf4 Ng5 40. h4 Ne4
41. Bxb6 Qa3 42. Bd4 Qxa4 43. Rc1 Rxc1 44. Qxc1 Qb3 45. Ne3 Qb4 46. Kh2 a4 47.
Nf5 f6 48. d6 Nc5 49. Nxg7 Kxg7 50. Qg5+ 1-0

[Event "SR 3. liga A2 2004/2005"]
[Site "?"]
[Date "2004.??.??"]
[Round "?"]
[White "Lajda, Dusan"]
[Black "Kozinka, Jan"]
[Result "0-1"]
[WhiteElo "1750"]
[BlackElo "1720"]
[Annotator "Vrbove - Modranka"]
[PlyCount "126"]
[EventDate "2004.??.??"]

1. e4 e5 2. Nf3 Nc6 3. Bc4 Bc5 4. b4 Bxb4 5. c3 Be7 6. d4 exd4 7. cxd4 d6 8.
Qb3 Na5 9. Bxf7+ Kf8 10. Qc3 Kxf7 11. Qxa5 c6 12. Qxd8 Bxd8 13. e5 Ke6 14. O-O
d5 15. Ng5+ Bxg5 16. Bxg5 h6 17. Be3 Ne7 18. f3 b6 19. Nd2 Ba6 20. Rfe1 Rac8
21. Rac1 Rc7 22. g4 g5 23. Rc3 Ng6 24. Rec1 Rhc8 25. Kg2 Bb5 26. Rb3 Nf4+ 27.
Bxf4 gxf4 28. h4 a6 29. a4 Bxa4 30. Rxb6 Bb5 31. Nb3 Ra7 32. Nc5+ Ke7 33. Rb7+
Rxb7 34. Nxb7 Bd3 35. Nc5 Bc4 36. Rb1 Bb5 37. Ra1 Ra8 38. Nb7 Rb8 39. Nd6 Bd3
40. Nf5+ Ke6 41. Nxh6 Rb2+ 42. Kg1 c5 43. dxc5 Kxe5 44. Nf7+ Kf6 45. Nd6 Rc2
46. Nb7 Be2 47. Ra5 d4 48. Kf2 Bb5+ 49. Ke1 Re2+ 50. Kd1 Rh2 51. c6 Ke7 52. c7
Kd7 53. c8=Q+ Kxc8 54. Nd6+ Kd7 55. Nxb5 axb5 56. Rxb5 Kc6 57. Rf5 Rxh4 58.
Rxf4 Kd5 59. Rf8 Kc4 60. Rc8+ Kd3 61. Kc1 Rh1+ 62. Kb2 Rh2+ 63. Kb3 Ke3 {
neviem ako dalej} 0-1

[Event "SR 3. liga A2 2004/2005"]
[Site "?"]
[Date "2004.??.??"]
[Round "?"]
[White "Horak, Ivan"]
[Black "Meszaros, Lorant"]
[Result "0-1"]
[WhiteElo "2175"]
[BlackElo "2080"]
[Annotator "Gbely - Orechova Potoo"]
[PlyCount "71"]
[EventDate "2004.??.??"]

1. e4 e5 2. Nf3 Nc6 3. Nc3 Nf6 4. Bb5 Bb4 5. Bxc6 dxc6 6. O-O Qe7 7. h3 O-O 8.
Re1 Rd8 9. d3 h6 10. Bd2 Bd6 11. Ne2 c5 12. Ng3 Nh7 13. b3 Bd7 14. Qe2 Nf8 15.
c3 Ng6 16. Nf5 Qf6 17. g4 Bxf5 18. gxf5 Nh4 19. Nh2 Be7 20. Rad1 Qd6 21. Be3
Bg5 22. Kh1 Bxe3 23. Qxe3 g5 24. fxg6 Nxg6 25. Qxh6 Qf6 26. Rg1 Rd6 27. h4 Qh8
28. Qg5 Kf8 29. Rg4 Rad8 30. h5 Nf4 31. h6 R8d7 32. d4 Rxh6 33. Rg2 Nxg2 34.
Qxg2 cxd4 35. cxd4 Rxd4 36. Rxd4 0-1

[Event "SR 3. liga A2 2004/2005"]
[Site "?"]
[Date "2004.??.??"]
[Round "?"]
[White "Szekely, Stefan"]
[Black "Pribila, Michal"]
[Result "1-0"]
[WhiteElo "2060"]
[BlackElo "2055"]
[Annotator "Gbely - Orechova Potoo"]
[PlyCount "81"]
[EventDate "2004.??.??"]

1. c4 e5 2. Nc3 Nc6 3. Nf3 Nf6 4. d3 d5 5. cxd5 Nxd5 6. g3 Nxc3 7. bxc3 Bc5 8.
Bg2 e4 9. Ng5 exd3 10. O-O Be7 11. Nf3 dxe2 12. Qxe2 Bd7 13. Rd1 O-O 14. Bf4
Qc8 15. Nd4 Nxd4 16. cxd4 Re8 17. Qb2 c6 18. Rac1 Bf6 19. Rd2 Be6 20. Qb4 a5
21. Qb6 Ra6 22. Qc5 Be7 23. Qc2 Qd7 24. Be4 g6 25. Qb2 Bf6 26. Be5 Bxe5 27.
dxe5 Qc7 28. Rd6 Rb6 29. Qe2 Rb4 30. h4 Bf5 31. Bf3 Qxd6 32. exd6 Rxe2 33. Bxe2
Rd4 34. Rc5 a4 35. Ra5 b5 36. Ra8+ Kg7 37. Rd8 h5 38. Bf3 Be4 39. Bxe4 Rxe4 40.
Rc8 Kf6 41. d7 1-0

[Event "SR 3. liga A2 2004/2005"]
[Site "?"]
[Date "2004.??.??"]
[Round "?"]
[White "Vach, Jozef"]
[Black "Both, Lajos"]
[Result "0-1"]
[WhiteElo "2035"]
[BlackElo "1995"]
[Annotator "Gbely - Orechova Potoo"]
[PlyCount "92"]
[EventDate "2004.??.??"]

1. d4 Nf6 2. c4 e6 3. Nc3 d5 4. cxd5 exd5 5. Nf3 c6 6. Qc2 h6 7. e3 Bd6 8. Bd3
Be6 9. O-O Nbd7 10. a3 Qc7 11. h3 O-O 12. Nh4 Rfe8 13. Nf5 Bf8 14. Bd2 g6 15.
Nh4 Qd8 16. f4 Ne4 17. Be1 Nxc3 18. bxc3 Be7 19. f5 Bxh4 20. fxe6 Rxe6 21. e4
Bxe1 22. Raxe1 dxe4 23. Bxe4 Nf8 24. Rd1 Qe7 25. Bd3 Qxa3 26. Bc4 Re7 27. Rxf7
Rxf7 28. Rf1 Qe7 29. Qf2 Ne6 30. Qe3 Rxf1+ 31. Kxf1 Rf8+ 32. Kg1 Rf6 33. Qxh6
Qf7 34. Qe3 Kg7 35. Qe5 Kh7 36. Qe1 Qe7 37. Qh4+ Kg7 38. Qe1 a5 39. Qe5 a4 40.
Kh1 a3 41. d5 cxd5 42. Qxd5 Kf7 43. Kg1 Rf5 44. Qe4 b5 45. Ba2 Qc5+ 46. Kh2
Qe5+ 0-1

[Event "SR 3. liga A2 2004/2005"]
[Site "?"]
[Date "2004.??.??"]
[Round "?"]
[White "Varga, Alexander"]
[Black "Pribila, Gerhard"]
[Result "1/2-1/2"]
[WhiteElo "1850"]
[BlackElo "1715"]
[Annotator "Gbely - Orechova Potoo"]
[PlyCount "105"]
[EventDate "2004.??.??"]

1. d4 Nf6 2. Nf3 e6 3. g3 d5 4. Bg2 Be7 5. O-O O-O 6. b3 b6 7. Bb2 Bb7 8. Nbd2
c5 9. dxc5 Bxc5 10. e3 Nbd7 11. a3 Rc8 12. Re1 Be7 13. Bf1 Nc5 14. Ne5 Nce4 15.
f3 Nc3 16. Qc1 Qc7 17. Nd3 Rfd8 18. Bxc3 Qxc3 19. Ra2 Nd7 20. Nb1 Qc7 21. Qd1
Bf6 22. Qd2 Bg5 23. Qf2 Bf6 24. Rd1 Nc5 25. Nxc5 Qxc5 26. Bd3 Rc7 27. Nd2 Rdc8
28. b4 Qe7 29. Qe2 e5 30. e4 Bg5 31. Rb2 Bxd2 32. Qxd2 dxe4 33. fxe4 Rd8 34.
Qe2 Qd6 35. Qe3 Qd4 36. Qxd4 Rxd4 37. Re1 Rc3 38. Ra2 Bc6 39. b5 Bd7 40. a4 Be6
41. Raa1 f6 42. a5 Bc4 43. axb6 axb6 44. Ra8+ Kf7 45. Rc8 Rcxd3 46. cxd3 Bxd3
47. Rd1 Rd7 48. Rc6 Ke8 49. Rxb6 Bxb5 50. Rxd7 Bxd7 51. Kf2 Kf7 52. Ke3 Bg4 53.
Ra6 1/2-1/2

[Event "SR 3. liga A2 2004/2005"]
[Site "?"]
[Date "2004.??.??"]
[Round "?"]
[White "Jozefovic, Milan"]
[Black "Arpa, Zoltan"]
[Result "1-0"]
[WhiteElo "1730"]
[BlackElo "1890"]
[Annotator "Gbely - Orechova Potoo"]
[PlyCount "73"]
[EventDate "2004.??.??"]

1. e4 e6 2. d4 d5 3. e5 c5 4. Nf3 Nc6 5. c3 Qb6 6. Be2 Nge7 7. dxc5 Qxc5 8. Be3
Qa5 9. O-O Ng6 10. Bd4 Qc7 11. Bb5 Bd7 12. Bxc6 Bxc6 13. Re1 Be7 14. Nbd2 O-O
15. g3 b6 16. Nb3 Ba4 17. Qe2 Rfc8 18. Qe3 Nf8 19. Rac1 Nd7 20. Nbd2 Qb7 21.
Nb3 Rc7 22. Nfd2 Rac8 23. f4 Bb5 24. f5 Bf8 25. Qf4 Nc5 26. Nxc5 bxc5 27. Be3
Bd3 28. f6 g6 29. Qh4 Qxb2 30. Bh6 Kh8 31. Nf3 g5 32. Qxg5 Bxh6 33. Qxh6 Rg8
34. Rcd1 Qxc3 35. Re3 c4 36. Ng5 Qc2 37. Rexd3 1-0

[Event "SR 3. liga A2 2004/2005"]
[Site "?"]
[Date "2004.??.??"]
[Round "?"]
[White "Szitasi, Janos"]
[Black "Zajicek, Ferdinand"]
[Result "1-0"]
[WhiteElo "2005"]
[BlackElo "1725"]
[Annotator "Gbely - Orechova Potoo"]
[PlyCount "87"]
[EventDate "2004.??.??"]

1. e4 e5 2. Nf3 Nc6 3. Bb5 d6 4. d4 Bd7 5. O-O a6 6. Ba4 Nf6 7. Nc3 Be7 8. Re1
O-O 9. Bxc6 Bxc6 10. dxe5 dxe5 11. Qxd8 Raxd8 12. Nxe5 Bxe4 13. Nxe4 Nxe4 14.
Nd3 f5 15. f3 Bc5+ 16. Nxc5 Nxc5 17. Bg5 Rd5 18. Be7 Na4 19. Bxf8 Kxf8 20. Rad1
Rxd1 21. Rxd1 Ke7 22. Rd4 b5 23. Rh4 h6 24. b3 Nc3 25. a4 c5 26. axb5 axb5 27.
Kf1 Ke6 28. Rh5 Nd5 29. Kf2 Nf6 30. Rh4 h5 31. f4 g6 32. Rh3 Nd5 33. Rf3 b4 34.
Ke2 Kd6 35. g3 Nc3+ 36. Rxc3 bxc3 37. Kd3 Kd5 38. Kxc3 Ke4 39. b4 cxb4+ 40.
Kxb4 h4 41. c4 hxg3 42. hxg3 Kf3 43. c5 Kxg3 44. c6 1-0

[Event "SR 3. liga A2 2004/2005"]
[Site "?"]
[Date "2004.??.??"]
[Round "?"]
[White "Papanek, Lubomir"]
[Black "Lelkes st, Bela"]
[Result "1-0"]
[WhiteElo "1655"]
[BlackElo "1605"]
[Annotator "Gbely - Orechova Potoo"]
[PlyCount "66"]
[EventDate "2004.??.??"]

1. e4 e5 2. Nf3 Nc6 3. d4 exd4 4. Nxd4 Nxd4 5. Qxd4 Qf6 6. e5 Qc6 7. Qc4 Qxc4
8. Bxc4 d6 9. Bf4 Be6 10. Bb5+ Bd7 11. Bxd7+ Kxd7 12. O-O Re8 13. Rd1 Re6 14.
Nc3 a6 15. Rd3 f6 16. exd6 cxd6 17. Rad1 g5 18. Be3 Ne7 19. Na4 Ke8 20. Rxd6
Rxd6 21. Rxd6 Bg7 22. Rb6 Kf7 23. Rxb7 Rd8 24. g3 h5 25. Bc5 Bf8 26. Nb6 Ke6
27. Na4 f5 28. Rb6+ Kd5 29. b3 Nc6 30. c4+ Ke4 31. Kg2 Ne5 32. Bxf8 Rxf8 33.
Nc5+ Kd4 1-0

[Event "SR 3. liga A2 2004/2005"]
[Site "?"]
[Date "2004.??.??"]
[Round "?"]
[White "Vach, Pavol"]
[Black "Jurica, Peter"]
[Result "0-1"]
[WhiteElo "2125"]
[BlackElo "2150"]
[Annotator "Senica B - Vrbove"]
[PlyCount "118"]
[EventDate "2004.??.??"]

1. d4 g6 2. c4 f5 3. Nc3 Bg7 4. g3 d6 5. Bg2 Nf6 6. Nh3 O-O 7. O-O c6 8. Re1
Na6 9. f4 Bd7 10. Nf2 Qb6 11. a3 Rad8 12. Na4 Qc7 13. Nc3 Kh8 14. Qc2 Be6 15.
b3 Bg8 16. Bb2 e5 17. dxe5 dxe5 18. fxe5 Nd7 19. Nd3 Nxe5 20. Nxe5 Qxe5 21. Na4
Qe3+ 22. Kh1 Rd2 23. Bxg7+ Kxg7 24. Qc3+ Qxc3 25. Nxc3 Nc5 26. Rab1 Rc2 27. Nd1
Re8 28. Kg1 Nd3 29. Rf1 Rexe2 30. Bf3 Re1 31. Rxe1 Nxe1 32. Bh1 Nd3 33. Ne3 Re2
34. Nf1 Be6 35. Bf3 Ra2 36. a4 f4 37. gxf4 Nxf4 38. Re1 g5 39. Ng3 Bf7 40. Be4
Nh3+ 41. Kh1 h5 42. Nf5+ Kf6 43. Nd6 Be6 44. Nxb7 Nf2+ 45. Kg1 Nxe4 46. Rxe4
Bh3 47. Nd6 Rg2+ 48. Kh1 Rd2 49. Ne8+ Kf7 50. Re1 Bg2+ 51. Kg1 Bf3 52. Re5 g4
53. h3 Bd1 54. hxg4 hxg4 55. b4 Bxa4 56. Ra5 Bd1 57. Nc7 Bf3 58. Rxa7 g3 59.
Ra1 Rh2 0-1

[Event "SR 3. liga A2 2004/2005"]
[Site "?"]
[Date "2004.??.??"]
[Round "?"]
[White "Blazek, Milos"]
[Black "Palka, Miroslav"]
[Result "0-1"]
[WhiteElo "2125"]
[BlackElo "2040"]
[Annotator "Senica B - Vrbove"]
[PlyCount "47"]
[EventDate "2004.??.??"]

1. e4 c5 2. Nf3 d6 3. d4 cxd4 4. Nxd4 Nf6 5. Nc3 g6 6. Be3 Bg7 7. f3 O-O 8. Bc4
Nc6 9. Qd2 Bd7 10. h4 Ne5 11. Bb3 Qa5 12. h5 Nxh5 13. g4 Nxf3+ 14. Nxf3 Bxg4
15. Nd4 Qe5 16. Qg2 Nf6 17. Nf3 Qa5 18. O-O-O Rac8 19. Nd5 Nxd5 20. Rxd5 Bxf3
21. Qxf3 Qc7 22. Qh3 h5 23. Rxh5 gxh5 24. Qxh5 0-1

[Event "SR 3. liga A2 2004/2005"]
[Site "?"]
[Date "2004.??.??"]
[Round "?"]
[White "Skapikova, Lubica"]
[Black "Krchnak, Rudolf"]
[Result "0-1"]
[WhiteElo "2000"]
[BlackElo "1790"]
[Annotator "Senica B - Vrbove"]
[PlyCount "64"]
[EventDate "2004.??.??"]

1. e4 c5 2. Nf3 d6 3. d4 cxd4 4. Nxd4 Nf6 5. Nc3 a6 6. Bg5 e6 7. f4 Be7 8. Bd3
h6 9. Bxf6 Bxf6 10. Nde2 Nc6 11. Qd2 b5 12. O-O O-O 13. Rae1 Nb4 14. a3 Nxd3
15. cxd3 Bb7 16. d4 Qb6 17. Kh1 Rac8 18. f5 Rc4 19. d5 exd5 20. exd5 Be5 21.
Nf4 Qd4 22. Qxd4 Rxd4 23. Re4 Rxe4 24. Nxe4 Rc8 25. h3 Rc4 26. Re1 Bxf4 27. f6
Rc1 28. Rxc1 Bxc1 29. Nxd6 Bxd5 30. Ne8 Bxb2 31. Nc7 Bb7 32. fxg7 Bxa3 0-1

[Event "SR 3. liga A2 2004/2005"]
[Site "?"]
[Date "2004.??.??"]
[Round "?"]
[White "Feranec, Milan"]
[Black "Fidericky, Milan"]
[Result "1-0"]
[WhiteElo "1965"]
[BlackElo "1940"]
[Annotator "Senica B - Vrbove"]
[PlyCount "151"]
[EventDate "2004.??.??"]

1. Nf3 Nf6 2. c4 c5 3. Nc3 g6 4. b3 Bg7 5. Bb2 O-O 6. e3 Nc6 7. Be2 d5 8. d3 d4
9. Na4 e5 10. O-O b6 11. a3 a5 12. Qc2 Bb7 13. Rad1 Qc7 14. Bc1 Nd7 15. Ng5 h6
16. Nh3 f5 17. e4 fxe4 18. dxe4 Nf6 19. f3 Bc8 20. Nf2 Be6 21. Nd3 g5 22. Nf2
Rad8 23. g4 Rf7 24. h3 Nd7 25. Nb2 Nf8 26. Nbd3 Ng6 27. Nh1 Nf4 28. Kh2 Qd7 29.
Ng3 Re8 30. Nf5 Bxf5 31. gxf5 Bf6 32. Rg1 Kh7 33. Rg3 Rg7 34. Rdg1 Reg8 35. Bd1
Qe7 36. Bd2 Qf8 37. Be1 Qe7 38. Bf2 Qf8 39. Be1 Qd6 40. Qd2 Qe7 41. Rg4 h5 42.
R4g3 Qf8 43. Bc2 Be7 44. Bd1 Qf6 45. Qc2 Qh6 46. Bd2 Kh8 47. Bc1 Bf6 48. Bd2 g4
49. fxg4 hxg4 50. Bxf4 exf4 51. Rxg4 Rxg4 52. Bxg4 Bh4 53. Qe2 Bg3+ 54. Kg2 Re8
55. Rf1 Ne5 56. Nxe5 Rxe5 57. Qd3 Qd6 58. Kf3 Re7 59. Rb1 Rc7 60. Rb2 Kg7 61.
Re2 Re7 62. Rd2 Be1 63. Rd1 Bg3 64. b4 axb4 65. axb4 Ra7 66. bxc5 bxc5 67. Rb1
Ra2 68. Bh5 Qf6 69. Rf1 Qa6 70. f6+ Qxf6 71. e5 Qg5 72. Be8 Bh4 73. Ke4 Qg2+
74. Qf3 Re2+ 75. Kd5 Qxf3+ 76. Rxf3 1-0

[Event "SR 3. liga A2 2004/2005"]
[Site "?"]
[Date "2004.??.??"]
[Round "?"]
[White "Sipkovsky, Ivan"]
[Black "Smrek, Peter"]
[Result "1/2-1/2"]
[WhiteElo "1910"]
[BlackElo "1700"]
[Annotator "Senica B - Vrbove"]
[PlyCount "63"]
[EventDate "2004.??.??"]

1. e4 e5 2. Nf3 Nf6 3. Nxe5 d6 4. Nf3 Nxe4 5. Bc4 d5 6. Bb3 Bg4 7. Qe2 Be7 8.
Qb5+ Nd7 9. Qxd5 Nd6 10. O-O c6 11. Qd3 O-O 12. c3 Nc5 13. Qe2 Re8 14. d4 Bf6
15. Qd1 Nxb3 16. axb3 Ne4 17. Re1 Bh4 18. Be3 Qf6 19. h3 Bxf3 20. Qxf3 Qxf3 21.
gxf3 Nxf2 22. Bxf2 Rxe1+ 23. Bxe1 Bxe1 24. Na3 Bg3 25. Kg2 Bc7 26. Re1 Kf8 27.
Nc2 Bf4 28. b4 b5 29. Kf2 h5 30. Re2 a6 31. Ne1 Ra7 32. Nd3 1/2-1/2

[Event "SR 3. liga A2 2004/2005"]
[Site "?"]
[Date "2004.??.??"]
[Round "?"]
[White "Lajda, Dusan"]
[Black "Zisek, Jaroslav"]
[Result "0-1"]
[WhiteElo "1750"]
[BlackElo "1770"]
[Annotator "Senica B - Vrbove"]
[PlyCount "72"]
[EventDate "2004.??.??"]

1. e4 c5 2. Nf3 d6 3. d4 cxd4 4. Nxd4 Nf6 5. Nc3 a6 6. Be3 Qc7 7. Qd2 e6 8.
O-O-O Bd7 9. f3 Be7 10. g4 O-O 11. g5 Ne8 12. h4 Nc6 13. f4 Rc8 14. f5 Ne5 15.
h5 Nc4 16. Qe2 Nxe3 17. Qxe3 b5 18. a3 Qc5 19. Qg3 Kh8 20. Rg1 h6 21. f6 gxf6
22. g6 Qg5+ 23. Qxg5 fxg5 24. Bh3 fxg6 25. hxg6 Ng7 26. Rgf1 Rxf1 27. Rxf1 Rf8
28. Rxf8+ Bxf8 29. Bf1 e5 30. Nb3 h5 31. Nd5 Bc6 32. Nd2 Ne6 33. Nf6 Nf4 34.
Nf3 Bh6 35. a4 g4 36. Nh4 Nxg6+ 0-1

[Event "SR 3. liga A2 2004/2005"]
[Site "?"]
[Date "2004.??.??"]
[Round "?"]
[White "Havlicek, Peter"]
[Black "Podjavorinsky, Peter"]
[Result "1/2-1/2"]
[WhiteElo "1675"]
[BlackElo "1720"]
[Annotator "Senica B - Vrbove"]
[PlyCount "80"]
[EventDate "2004.??.??"]

1. e4 e5 2. Nf3 Nf6 3. Nc3 Nc6 4. Bc4 Bc5 5. O-O O-O 6. d3 h6 7. a3 d6 8. h3 a6
9. b4 Ba7 10. Ne2 Be6 11. Bxe6 fxe6 12. Be3 Bb8 13. Nh2 d5 14. f3 d4 15. Bd2
Nh5 16. f4 exf4 17. Nxf4 Nxf4 18. Rxf4 Rxf4 19. Bxf4 e5 20. Bd2 Ne7 21. Qg4 Qd6
22. Nf3 c6 23. Rf1 Bc7 24. Nh4 a5 25. Nf5 Nxf5 26. Rxf5 axb4 27. axb4 Ra2 28.
Rh5 Kh8 29. Qc8+ Qd8 30. Qe6 Qg8 31. Qg6 Qh7 32. Qe8+ Qg8 33. Qg6 Qh7 34. Qf7
Ra1+ 35. Kh2 Bd6 36. Bxh6 gxh6 37. Qf6+ Kg8 38. Rxh6 Be7 39. Qe6+ Qf7 40. Rh8+
Kg7 1/2-1/2

[Event "SR 3. liga A2 2004/2005"]
[Site "?"]
[Date "2004.??.??"]
[Round "?"]
[White "Mikudik, Ivan"]
[Black "Beran, Jan"]
[Result "1/2-1/2"]
[WhiteElo "1650"]
[BlackElo "1690"]
[Annotator "Senica B - Vrbove"]
[PlyCount "98"]
[EventDate "2004.??.??"]

1. d4 d5 2. c4 Nf6 3. Nc3 e6 4. Nf3 Be7 5. e3 O-O 6. Bd2 c6 7. Rc1 Nbd7 8. cxd5
exd5 9. Bd3 Re8 10. O-O Bd6 11. Ne2 Nf8 12. Ng3 h6 13. b4 a6 14. a4 Ne4 15. b5
axb5 16. axb5 Bd7 17. Rb1 Nxd2 18. Qxd2 c5 19. dxc5 Bxc5 20. Rfd1 Qb6 21. Qb2
Bg4 22. Bf5 Bxf3 23. gxf3 g6 24. Bh3 Rad8 25. Ne2 Bxe3 26. Nc3 Bd4 27. Na4 Bxb2
28. Nxb6 Bg7 29. Nxd5 Kh7 30. Rbc1 Re5 31. Nc7 Rxd1+ 32. Rxd1 f5 33. f4 Re4 34.
Bg2 Rxf4 35. Bxb7 h5 36. Bg2 Rd4 37. Rb1 Nd7 38. b6 Be5 39. Nd5 Rd2 40. b7 Kh6
41. Ne3 Rb2 42. Rxb2 Bxb2 43. Kf1 Be5 44. h3 Nb8 45. Nc4 Bc7 46. Ke2 g5 47. Ne3
Kg6 48. Nc2 Kf6 49. Nb4 Ke5 1/2-1/2

[Event "SR 3. liga A2 2004/2005"]
[Site "?"]
[Date "2004.??.??"]
[Round "?"]
[White "Doucha, Ludvik"]
[Black "Pribila, Michal"]
[Result "1-0"]
[WhiteElo "2130"]
[BlackElo "2055"]
[Annotator "Trnava B - Gbely"]
[PlyCount "41"]
[EventDate "2004.??.??"]

1. e4 c5 2. c4 Nc6 3. Ne2 Nf6 4. Nbc3 e6 5. Nf4 Be7 6. g3 O-O 7. Bg2 d6 8. d3
Rb8 9. O-O a6 10. a4 Bd7 11. Nh5 Nd4 12. Be3 Nxh5 13. Qxh5 Nc2 14. Rac1 Nxe3
15. fxe3 Bf6 16. b3 Qa5 17. Rxf6 gxf6 18. Qh6 Rfe8 19. e5 f5 20. Ne4 fxe4 21.
Bxe4 1-0

[Event "SR 3. liga A2 2004/2005"]
[Site "?"]
[Date "2004.??.??"]
[Round "?"]
[White "Vach, Jozef"]
[Black "Krist, Milan"]
[Result "0-1"]
[WhiteElo "2035"]
[BlackElo "2000"]
[Annotator "Trnava B - Gbely"]
[PlyCount "132"]
[EventDate "2004.??.??"]

1. e4 e6 2. d4 d5 3. Nd2 c5 4. c3 cxd4 5. cxd4 Nc6 6. Bb5 Nf6 7. e5 Nd7 8. Ne2
Qb6 9. Bxc6 bxc6 10. Nf3 Bb4+ 11. Bd2 O-O 12. O-O Ba6 13. Bc3 Bxc3 14. bxc3 Qb2
15. Re1 Rab8 16. Ng3 Rb6 17. Qc1 Qxc1 18. Rexc1 Rb2 19. Ne1 Bc4 20. a3 Rfb8 21.
Nc2 a5 22. Nf1 Nb6 23. Nfe3 Bd3 24. Ne1 Ba6 25. a4 h6 26. g3 Be2 27. N1c2 Bd3
28. Ne1 Be2 29. N1c2 Nc4 30. Nxc4 dxc4 31. Ne3 Bd3 32. Nd1 Rd2 33. Kg2 Be4+ 34.
Kf1 Bf3 35. Ke1 Re2+ 36. Kf1 Rb3 37. Rcb1 Rxb1 38. Rxb1 Rc2 39. Ke1 Bxd1 40.
Kxd1 Rxc3 41. Rb6 Rd3+ 42. Kc2 Ra3 43. Rxc6 Rxa4 44. Kb2 g5 45. f4 gxf4 46.
gxf4 Rb4+ 47. Kc2 Kg7 48. f5 exf5 49. Rf6 a4 50. Rxf5 a3 51. Rf6 Ra4 52. Rf1 a2
53. Kb2 c3+ 54. Ka1 Rxd4 55. Kxa2 Rd2+ 56. Kb3 c2 57. Rc1 Rxh2 58. Rg1+ Kf8 59.
Rf1 Ke7 60. Kb2 h5 61. Kc1 h4 62. Rf6 h3 63. Rf3 Ke6 64. Rf6+ Kxe5 65. Rxf7 Rg2
66. Rh7 h2 0-1

[Event "SR 3. liga A2 2004/2005"]
[Site "?"]
[Date "2004.??.??"]
[Round "?"]
[White "Puskas, Miroslav"]
[Black "Pribila, Gerhard"]
[Result "1/2-1/2"]
[WhiteElo "2100"]
[BlackElo "1715"]
[Annotator "Trnava B - Gbely"]
[PlyCount "52"]
[EventDate "2004.??.??"]

1. e4 c5 2. Nf3 d6 3. d4 cxd4 4. Nxd4 Nf6 5. Nc3 g6 6. Be2 Bg7 7. Be3 O-O 8. h4
h5 9. f3 Nc6 10. Qd2 Bd7 11. O-O-O Ne5 12. Rdg1 Rc8 13. g4 Nc4 14. Bxc4 Rxc4
15. gxh5 Nxh5 16. Nce2 Qc7 17. Kb1 Rc8 18. c3 e5 19. Nb3 a5 20. Rg5 Kf8 21.
Rxh5 gxh5 22. Rg1 Be6 23. Ng3 Ke8 24. Nxh5 Bh8 25. Bh6 Qb6 26. Be3 Qc7 $11
1/2-1/2

[Event "SR 3. liga A2 2004/2005"]
[Site "?"]
[Date "2004.??.??"]
[Round "?"]
[White "Jozefovic, Milan"]
[Black "Mosny, Jaroslav"]
[Result "1-0"]
[WhiteElo "1730"]
[BlackElo "2045"]
[Annotator "Trnava B - Gbely"]
[PlyCount "83"]
[EventDate "2004.??.??"]

1. e4 c5 2. Bc4 e6 3. Nc3 Nc6 4. Nf3 g6 5. d4 cxd4 6. Nxd4 a6 7. Nxc6 dxc6 8.
Qxd8+ Kxd8 9. Bf4 Bb4 10. O-O-O+ Ke8 11. Rd3 b5 12. Bb3 Be7 13. Ne2 c5 14. c4
Bb7 15. f3 Rd8 16. Rhd1 Rxd3 17. Rxd3 Nf6 18. Nc3 Bc6 19. Bd6 Nd7 20. Bg3 h5
21. Bc7 g5 22. Kd2 g4 23. Ke2 gxf3+ 24. gxf3 Rg8 25. Kf2 Bf6 26. Bf4 h4 27. Rd6
Bd4+ 28. Be3 Bxe3+ 29. Kxe3 Nb8 30. cxb5 Ke7 31. e5 axb5 32. Ne2 Rg5 33. f4 Rh5
34. Bd1 Rh8 35. Nc3 Rg8 36. Bf3 Bxf3 37. Kxf3 b4 38. Ne4 c4 39. Rb6 Nd7 40.
Rxb4 f5 41. exf6+ Kf7 42. Rb7 1-0

[Event "SR 3. liga A2 2004/2005"]
[Site "?"]
[Date "2004.??.??"]
[Round "?"]
[White "Bukovsky, Milan"]
[Black "Kocak, Branislav"]
[Result "1-0"]
[WhiteElo "2045"]
[BlackElo "1660"]
[Annotator "Trnava B - Gbely"]
[PlyCount "103"]
[EventDate "2004.??.??"]

1. c4 Nf6 2. Nc3 e6 3. e4 Bb4 4. e5 Ng8 5. Qg4 g6 6. d4 Nc6 7. Nf3 d5 8. a3 Be7
9. Be3 b6 10. Bd3 Ba6 11. Nb5 dxc4 12. Bxc4 Qd7 13. Nxc7+ Qxc7 14. Bxa6 Nb8 15.
Rc1 Nxa6 16. Rxc7 Nxc7 17. O-O Nd5 18. Rc1 h5 19. Qe4 Nh6 20. Ng5 Nf5 21. Nf3
Kf8 22. Bg5 Kg7 23. Bxe7 Nfxe7 24. Ng5 Rac8 25. Rxc8 Rxc8 26. h3 Rc1+ 27. Kh2
Rc4 28. g4 hxg4 29. hxg4 Ng8 30. Qd3 Rc1 31. Qf3 Nh6 32. Ne4 Rc2 33. b4 Ne3 34.
g5 Nhf5 35. Kh3 Nd5 36. Kg4 Rc4 37. Qb3 b5 38. Nd6 Rxd4+ 39. Kf3 Rf4+ 40. Kg2
Nd4 41. Qh3 Nf5 42. Ne8+ Kg8 43. Nf6+ Nxf6 44. exf6 Rc4 45. Qd3 Rg4+ 46. Kf1
Rxg5 47. Qd8+ Kh7 48. Qf8 e5 49. Qxf7+ Kh6 50. Qg8 Ne3+ 51. Ke2 Rf5 52. f7 1-0